Building for the future: PPP and the construction industry (Record no. 66280)

MARC details
000 -LEADER
fixed length control field 01156cam a2200241 4500
001 - CONTROL NUMBER
control field ABS63572
008 - FIXED-LENGTH DATA ELEMENTS--GENERAL INFORMATION
fixed length control field 000000n2001 000 0 eng u
035 ## - SYSTEM CONTROL NUMBER
System control number (Sirsi) u111241
100 ## - MAIN ENTRY--PERSONAL NAME
Personal name Patterson, K.
245 ## - TITLE STATEMENT
Title Building for the future: PPP and the construction industry
260 ## - PUBLICATION, DISTRIBUTION, ETC.
Date of publication, distribution, etc. 2001
490 ## - SERIES STATEMENT
Series statement PFI Intelligence Bulletin
Volume/sequential designation 6(2) March 2001, 8-9(2)
520 ## - SUMMARY, ETC.
Summary, etc. Assesses the current situation of the effect on the construction and housing markets of the growing use of public-private partnership (PPP) schemes. Also looks at possible developments. Reflects that PPP has acted as a catalyst in moving the construction industry from just construction to services in the PPP market. Concludes that as organisations seek building space which is more flexible forward thinking contractors will be at an advantage if they already have PPP experience.
590 ## - LOCAL NOTE (RLIN)
Local note ABS
650 ## - SUBJECT ADDED ENTRY--TOPICAL TERM
Topical term or geographic name entry element PUBLIC PRIVATE PARTNERSHIPS
650 ## - SUBJECT ADDED ENTRY--TOPICAL TERM
Topical term or geographic name entry element CONSTRUCTION MARKET
650 ## - SUBJECT ADDED ENTRY--TOPICAL TERM
Topical term or geographic name entry element FLEXIBILITY
650 ## - SUBJECT ADDED ENTRY--TOPICAL TERM
Topical term or geographic name entry element HOUSING MARKET
650 ## - SUBJECT ADDED ENTRY--TOPICAL TERM
Topical term or geographic name entry element SERVICES
650 ## - SUBJECT ADDED ENTRY--TOPICAL TERM
Topical term or geographic name entry element STOCK VALUATIONS
690 ## - LOCAL SUBJECT ADDED ENTRY--TOPICAL TERM (OCLC, RLIN)
Topical term or geographic name as entry element MANAGEMENT-BUSINESS MANAGEMENT-FINANCIAL MANAGEMENT
942 ## - ADDED ENTRY ELEMENTS (KOHA)
Suppress in OPAC 0
Holdings
Withdrawn status Lost status Source of classification or shelving scheme Damaged status Not for loan Home library Current library Shelving location Date acquired Total Checkouts Full call number Barcode Date last seen Copy number Price effective from Koha item type
    Dewey Decimal Classification     London London Journal article 02/03/2001   ABS63572 111241-1001 06/08/2019 1 06/08/2019 Journal article